000 00282nam a2200121Ia 4500
008 190216s9999||||xx |||||||||||||| ||und||
100 _aSamuel Johnson
245 0 _aLife Of Milton
260 _bMacmillan India Ltd
_c1989
300 _a173p
650 _aAutobiography
942 _cBK
999 _c13758
_d13758